Rediscovering India: (Record no. 210543)

MARC details
000 -LEADER
fixed length control field 00516nam a2200181 4500
005 - DATE AND TIME OF LATEST TRANSACTION
control field 20250327140712.0
010 ## - LCCN (DPL NO)
LC control number ENG-144301
020 ## - INTERNATIONAL STANDARD BOOK NUMBER
Terms of availability 580.00
035 ## - SYSTEM CONTROL NUMBER
System control number EN-127833
037 ## - SOURCE OF ACQUISITION
Source of stock number/acquisition DBAD
082 ## - DEWEY DECIMAL CLASSIFICATION NUMBER
Classification number 954.01
Edition number 1
245 ## - TITLE STATEMENT
Title Rediscovering India:
Remainder of title An Exhibition of Important Archaelogical Finds:1961-2011/
260 ## - PUBLICATION, DISTRIBUTION, ETC. (IMPRINT)
Place of publication, distribution, etc New Delhi
Name of publisher, distributor, etc Archaecological Survey of India
Date of publication, distribution, etc 2013
270 ## - ADDRESS
City New Delhi
Postal code 110011
300 ## - PHYSICAL DESCRIPTION
Extent 290p.
Dimensions 29cm(pb)
700 ## - ADDED ENTRY--PERSONAL NAME
9 (RLIN) 79964
942 ## - ADDED ENTRY ELEMENTS (KOHA)
Source of classification or shelving scheme Dewey Decimal Classification
Item type English Books
Classification part 954.01
Call number suffix RED
Holdings
Withdrawn status Lost status Not for loan Collection code Home library Current library Date acquired Source of acquisition Cost, normal purchase price Full call number Barcode Copy number Cost, replacement price Koha item type
    Not For Loan Non-fiction D.B.Act.Division D.B.Act.Division 27/03/2025 Delivery of Books Act Division 580.00 954.01 RED EN-127833 1 580.00 English Books

© Delhi Public Library
Hit Counter
free hit counter